000 00772nam a2200289Ia 4500
005 20260324140600.0
008 008 260324s9999 xx 000 0 eng d
020 _a9781003208792
037 _aEBOOK
040 _aCRL
040 _beng
040 _cCRL
041 _2eng
041 _aeng
084 _qCRL
100 _aJames G. Williams; Allen Kent
_91204951
245 0 _aEncyclopedia of Computer Science and Technology
245 0 _bVolume 39 - Supplement 24 - Entity Identification to Virtual Reality in Driving Simulation
260 _bTaylor and Francis
260 _c1998
365 _a
365 _b600
856 _uhttp://www.taylorfrancis.com/books/9781003208792
942 _cEBOOK
999 _c1807161
_d1807161